| 000 | 00849nas a2200289 4500 | ||
|---|---|---|---|
| 001 | BR2010004665 | ||
| 003 | BR-BrBNA | ||
| 005 | 20231205114301.0 | ||
| 007 | ta | ||
| 008 | 230509b bl.|||p| |||| 00| 00por d | ||
| 040 |
_aBR-BrBNA _bpor _cBiblioteca Nacional de Agricultura |
||
| 041 | _a(Pt) | ||
| 072 | _aL73 | ||
| 100 | 1 | _aPeixoto, T. da C. | |
| 100 | 1 | _aMartini-Santos, B.J. | |
| 100 | 1 | _aYamasaki, E.M. | |
| 100 | 1 | _aGalvão, A. | |
| 100 | 1 | _aAragão, A.P. | |
| 100 | 1 | _aNogueira, V.A. | |
| 245 | 1 | _aLeucose juvenil multicêntrica bovina - relato de caso | |
| 650 | _aBOVINO | ||
| 650 | _aLINFOMA | ||
| 650 | _aNEOPLASIA | ||
| 773 | 0 |
_tRevista Brasileira de Medicina Veterinária (Brazil) _xISSN 0100-2430 _g(Jan-Mar 2010), v. 32(1) p. 58-62 _wBR2010004665 |
|
| 909 |
_a202311 _bLúcia _c55 _dLúcia Elande |
||
| 942 |
_2AGRIS _n0 _cANA |
||
| 999 |
_c208026 _d208026 |
||